[Event "GER Cup Net Final-A U2400"]
[Site "Playchess.com INT"]
[Date "2020.06.06"]
[Round "13"]
[White "Boesch, Dirk"]
[Black "Schoewel, Matthias"]
[Result "0-1"]
[WhiteElo "2028"]
[BlackElo "2211"]
[PlyCount "86"]
[EventDate "2020.06.06"]
[EventType "swiss (blitz)"]
[EventRounds "13"]
[EventCountry "GER"]
[SourceTitle "CBM 197 Extra"]
[Source "ChessBase"]
[SourceDate "2020.09.30"]
[SourceVersion "1"]
[SourceVersionDate "2020.09.30"]
[SourceQuality "1"]

1. c4 e5 2. g3 d6 3. Bg2 Nc6 4. Nc3 Be6 5. d3 Qd7 6. h4 Be7 7. e4 f5 8. Nd5 Bd8 9. Bg5 Bxg5 10. hxg5 Nge7 11. Ne2 0-0-0 12. Nec3 Nd4 13. b4 c6 14. Nxe7+ Qxe7 15. b5 Qxg5 16. exf5 Bxf5 17. bxc6 Nxc6 18. Bxc6 bxc6 19. Qa4 Kd7 20. Qxa7+ Ke6 21. d4 Ra8 22. d5+ cxd5 23. cxd5+ Kf6 24. Qb6 Rhd8 25. 0-0 h5 26. Nb5 Rab8 27. Qa6 Ke7 28. Rfe1 h4 29. Nd4 Bd7 30. Nf3 Qf6 31. Nxh4 g5 32. Ng2 Rb2 33. f4 Rxg2+ 34. Kxg2 gxf4 35. Qe2 Rg8 36. Qh5 Rxg3+ 37. Kf2 Rg5 38. Qh7+ Rg7 39. Qh8 Rg2+ 40. Kxg2 Qxh8 41. a4 Qg7+ 42. Kf1 Qg3 43. a5 Bb5+ 0-1

[Event "GER Cup Net Final-A U2400"]
[Site "Playchess.com INT"]
[Date "2020.06.06"]
[Round "2"]
[White "Braun, Georg"]
[Black "Boesch, Dirk"]
[Result "1-0"]
[WhiteElo "2151"]
[BlackElo "2028"]
[PlyCount "103"]
[EventDate "2020.06.06"]
[EventType "swiss (blitz)"]
[EventRounds "13"]
[EventCountry "GER"]
[SourceTitle "CBM 197 Extra"]
[Source "ChessBase"]
[SourceDate "2020.09.30"]
[SourceVersion "1"]
[SourceVersionDate "2020.09.30"]
[SourceQuality "1"]

1. e4 c5 2. Nf3 d6 3. d4 cxd4 4. Nxd4 Nf6 5. f3 e5 6. Nb3 Be6 7. c4 a6 8. Nc3 Nbd7 9. Be3 Qc7 10. Rc1 Be7 11. Nd5 Bxd5 12. cxd5 Qb8 13. Be2 0-0 14. 0-0 Bd8 15. Rc2 Bb6 16. Qd2 Qa7 17. Bxb6 Qxb6+ 18. Kh1 Rac8 19. Rfc1 Rxc2 20. Qxc2 Ne8 21. Qc8 Ndf6 22. Bf1 Qf2 23. Qc2 Qe3 24. Na5 Qb6 25. Nc4 Qd4 26. Qb3 b5 27. Ne3 g6 28. Rc6 a5 29. Bxb5 h5 30. Qc3 Qa7 31. a4 h4 32. Ra6 Qe7 33. Rxa5 h3 34. g3 Ng7 35. Ra6 Nfh5 36. Be2 Qb7 37. b4 Rc8 38. Rc6 Rf8 39. a5 Qa7 40. Rc7 Qb8 41. a6 Qb6 42. a7 Nf4 43. gxf4 exf4 44. Ng4 Nh5 45. Bf1 Ng3+ 46. hxg3 fxg3 47. Bxh3 g2+ 48. Bxg2 Qa6 49. Nf6+ Kh8 50. Nd7+ Kg8 51. Nxf8 Kxf8 52. Qh8# 1-0

[Event "GER Cup Net Final-A U2400"]
[Site "Playchess.com INT"]
[Date "2020.06.06"]
[Round "5"]
[White "De Reuter, Uwe"]
[Black "Boesch, Dirk"]
[Result "0-1"]
[WhiteElo "1960"]
[BlackElo "2028"]
[PlyCount "120"]
[EventDate "2020.06.06"]
[EventType "swiss (blitz)"]
[EventRounds "13"]
[EventCountry "GER"]
[SourceTitle "CBM 197 Extra"]
[Source "ChessBase"]
[SourceDate "2020.09.30"]
[SourceVersion "1"]
[SourceVersionDate "2020.09.30"]
[SourceQuality "1"]

1. d4 d5 2. c4 e6 3. Nc3 Nf6 4. Bg5 Be7 5. e3 Nbd7 6. cxd5 Nxd5 7. Bxe7 Qxe7 8. Nxd5 exd5 9. Nf3 Nf6 10. Be2 0-0 11. 0-0 Bf5 12. Ne5 c6 13. a3 Nd7 14. Nxd7 Bxd7 15. b4 f5 16. g3 Rae8 17. Bd3 Qg5 18. f4 Qf6 19. Qd2 h5 20. h4 Re4 21. Bxe4 fxe4 22. Kf2 Bg4 23. Kg2 Bf3+ 24. Rxf3 exf3+ 25. Kxf3 Qf5 26. Kg2 Re8 27. Re1 Qe4+ 28. Kf2 Qf5 29. Qe2 g6 30. Kg2 Qe4+ 31. Qf3 Qc2+ 32. Re2 Qc1 33. g4 Re7 34. f5 gxf5 35. g5 Re4 36. Qf2 f4 37. exf4 Rxf4 38. Qe1 Rg4+ 39. Kh3 Qxe1 40. Rxe1 Rxd4 41. Re7 Rd3+ 42. Kg2 Rxa3 43. Rxb7 Rb3 44. Rxa7 Rxb4 45. Rc7 Rxh4 46. Rxc6 Rg4+ 47. Kh3 Rxg5 48. Rd6 Re5 49. Rd7 Kf8 50. Kh4 Ke8 51. Rh7 Kd8 52. Rxh5 Rxh5+ 53. Kxh5 Kd7 54. Kg4 Kd6 55. Kf4 Kc5 56. Ke3 Kc4 57. Kd2 Kd4 58. Ke2 Kc3 59. Ke1 Kc2 60. Ke2 d4 0-1

[Event "GER Cup Net V3 U2400"]
[Site "Playchess.com INT"]
[Date "2020.05.27"]
[Round "5"]
[White "Baskin, Robert"]
[Black "Boesch, Dirk"]
[Result "1-0"]
[WhiteElo "2180"]
[BlackElo "2035"]
[PlyCount "71"]
[EventDate "2020.05.27"]
[EventType "swiss (blitz)"]
[EventRounds "9"]
[EventCountry "GER"]
[SourceTitle "EXT 2021"]
[Source "ChessBase"]
[SourceDate "2020.10.23"]
[SourceVersion "1"]
[SourceVersionDate "2020.10.23"]
[SourceQuality "1"]

1. e4 c5 2. Nf3 d6 3. d4 cxd4 4. Nxd4 Nf6 5. Nc3 a6 6. Be3 e5 7. Nb3 Be6 8. f3 Be7 9. Qd2 0-0 10. 0-0-0 a5 11. a4 Na6 12. g4 Nb4 13. Kb1 d5 14. g5 Nxe4 15. fxe4 d4 16. Nxd4 exd4 17. Qxd4 Qxd4 18. Bxd4 Bxg5 19. Rg1 Bh6 20. Bb5 Rac8 21. Bb6 Ra8 22. Nd5 Nc6 23. Nc7 Rac8 24. Nxe6 fxe6 25. Rd7 Rf7 26. Rgd1 Bf4 27. Rxf7 Kxf7 28. Rd7+ Kf6 29. h3 h5 30. Rxb7 g5 31. Be2 Nb4 32. c3 Nc6 33. Bxh5 Ke5 34. Bg4 Kxe4 35. Bxe6 Ne5 36. Bxc8 1-0

[Event "GER Cup Net V3 U2400"]
[Site "Playchess.com INT"]
[Date "2020.05.27"]
[Round "1"]
[White "Lambertz, Michael"]
[Black "Boesch, Dirk"]
[Result "1/2-1/2"]
[WhiteElo "1814"]
[BlackElo "2035"]
[PlyCount "103"]
[EventDate "2020.05.27"]
[EventType "swiss (blitz)"]
[EventRounds "9"]
[EventCountry "GER"]
[SourceTitle "EXT 2021"]
[Source "ChessBase"]
[SourceDate "2020.10.23"]
[SourceVersion "1"]
[SourceVersionDate "2020.10.23"]
[SourceQuality "1"]

1. e4 c5 2. c3 d5 3. exd5 Nf6 4. d4 Nxd5 5. Nf3 e6 6. Bc4 cxd4 7. Nxd4 Bc5 8. Nb3 Bb6 9. 0-0 0-0 10. Qh5 g6 11. Qh6 Qf6 12. Bg5 Qg7 13. Qh4 h5 14. N1d2 Nc6 15. Ne4 f5 16. Nd6 Ne5 17. Bxd5 exd5 18. Nd4 Bxd4 19. cxd4 Nc4 20. Nxc4 dxc4 21. Rfe1 Bd7 22. Re7 Rf7 23. Rae1 Raf8 24. Qf4 Rxe7 25. Rxe7 Rf7 26. Re1 Bc6 27. h4 Qf8 28. Re6 Kh7 29. Qe5 Qg7 30. d5 Qxe5 31. Rxe5 Bb5 32. d6 Rd7 33. Re7+ Kg8 34. f4 Bc6 35. g3 Rxd6 36. Re2 Rd3 37. Kh2 Bf3 38. Rf2 Re3 39. Bf6 Re2 40. Rxe2 Bxe2 41. Kg2 Kf7 42. Bd4 a6 43. Kf2 Bd3 44. a3 Ke6 45. Ke3 Kd5 46. Bc3 b5 47. Bb4 Kc6 48. Kd4 Kb6 49. Bc5+ Kc6 50. Bb4 Kb6 51. Bc5+ Kc6 52. Bb4 1/2-1/2

[Event "GER Cup Net V1 U2400"]
[Site "Playchess.com INT"]
[Date "2020.05.19"]
[Round "6"]
[White "Boesch, Dirk"]
[Black "Leonardi, Karlheinz"]
[Result "1-0"]
[WhiteElo "2019"]
[BlackElo "1675"]
[PlyCount "65"]
[EventDate "2020.05.19"]
[EventType "swiss (blitz)"]
[EventRounds "9"]
[EventCountry "GER"]
[SourceTitle "EXT 2021"]
[Source "ChessBase"]
[SourceDate "2020.10.23"]
[SourceVersion "1"]
[SourceVersionDate "2020.10.23"]
[SourceQuality "1"]

1. d4 d5 2. c4 e6 3. Nf3 Nf6 4. g3 Bb4+ 5. Bd2 Bd6 6. Bg2 0-0 7. 0-0 c6 8. Qc2 Nbd7 9. Bg5 h6 10. Bxf6 Nxf6 11. Nbd2 Qe7 12. e4 dxe4 13. Nxe4 Nxe4 14. Qxe4 Rd8 15. c5 Bc7 16. Rfe1 Bd7 17. Rad1 Be8 18. Ne5 Bxe5 19. Qxe5 Qf6 20. Qxf6 gxf6 21. b4 a5 22. a3 axb4 23. axb4 Ra4 24. b5 Rb4 25. b6 Rbxd4 26. Rxd4 Rxd4 27. Ra1 Kg7 28. Kf1 e5 29. Ra7 Rd7 30. Bh3 Re7 31. Bc8 f5 32. Rxb7 Rxb7 33. Bxb7 1-0

[Event "Frankfurt-chA"]
[Site "Frankfurt"]
[Date "2016.05.30"]
[Round "5"]
[White "Boesch, Dirk"]
[Black "Masoudi, Kian"]
[Result "1-0"]
[WhiteElo "2098"]
[BlackElo "1361"]
[PlyCount "81"]
[EventDate "2016.04.25"]
[EventType "swiss"]
[EventRounds "9"]
[EventCountry "GER"]
[SourceTitle "EXT 2018"]
[Source "ChessBase"]
[SourceDate "2017.10.13"]
[SourceVersion "1"]
[SourceVersionDate "2017.10.13"]
[SourceQuality "1"]

1. d4 Nf6 2. c4 c5 3. d5 e6 4. Nc3 exd5 5. cxd5 d6 6. g3 g6 7. Bg2 Bg7 8. Nf3 0-0 9. 0-0 Na6 10. Nd2 Nc7 11. a4 a6 12. Nc4 Nce8 13. h3 Nd7 14. a5 b5 15. axb6 Nxb6 16. Na5 Qc7 17. Bf4 Nf6 18. e4 Nh5 19. Bg5 Bd4 20. Kh2 f5 21. Nc6 Bg7 22. exf5 Bxf5 23. g4 h6 24. Bc1 Qf7 25. gxf5 g5 26. Re1 Bf6 27. Ne4 Nc8 28. Bf3 Ng7 29. Ng3 Qd7 30. Qa4 Qf7 31. Qg4 Bd4 32. Nxd4 cxd4 33. Qxd4 Nxf5 34. Nxf5 Qxf5 35. Bg4 Qc2 36. Be6+ Kh7 37. Be3 Ne7 38. Rac1 Qg6 39. Rc7 Rfe8 40. Qg4 Kh8 41. Bd4+ 1-0

[Event "Frankfurt-chA"]
[Site "Frankfurt"]
[Date "2016.05.23"]
[Round "4"]
[White "Rotermund, Verena"]
[Black "Boesch, Dirk"]
[Result "0-1"]
[WhiteElo "1731"]
[BlackElo "2098"]
[PlyCount "120"]
[EventDate "2016.04.25"]
[EventType "swiss"]
[EventRounds "9"]
[EventCountry "GER"]
[SourceTitle "EXT 2018"]
[Source "ChessBase"]
[SourceDate "2017.10.13"]
[SourceVersion "1"]
[SourceVersionDate "2017.10.13"]
[SourceQuality "1"]

1. e4 c5 2. Nf3 d6 3. d4 cxd4 4. Nxd4 Nf6 5. Nc3 a6 6. a4 e5 7. Nb3 Be7 8. Be2 0-0 9. 0-0 Be6 10. f4 Qc7 11. Be3 Nbd7 12. a5 Rac8 13. Nd2 exf4 14. Rxf4 d5 15. Rf1 Bc5 16. Bxc5 Qxc5+ 17. Kh1 dxe4 18. Ra4 Rfd8 19. Qe1 e3 20. Nde4 Nxe4 21. Rxe4 Bf5 22. Ref4 Bg6 23. Qg3 Nf6 24. h4 Kh8 25. Qh3 Qxa5 26. Qxe3 Re8 27. Qf2 Qe5 28. Bd1 b5 29. Qb6 Re6 30. Qb7 Rce8 31. Qa7 Qd6 32. Qf2 b4 33. Ne2 Bxc2 34. Rd4 Qe7 35. Nf4 Ne4 36. Rxe4 Bxe4 37. Nxe6 Qxe6 38. Kh2 Bg6 39. Ba4 Qe5+ 40. Kh1 Rd8 41. Bb3 Qd4 42. Qg3 Kg8 43. Qg5 Re8 44. Qg3 Qe3 45. Kh2 Qxg3+ 46. Kxg3 Re3+ 47. Rf3 Rxf3+ 48. Kxf3 Kf8 49. Ke3 Ke7 50. Kd4 Kd6 51. Kc4 Ke5 52. Kxb4 f6 53. Ka5 Bd3 54. Bd1 Kf4 55. Bf3 f5 56. b4 h6 57. Bb7 Bf1 58. Bxa6 Bxg2 59. b5 Kg4 60. Bc8 g6 0-1

[Event "Frankfurt-chA"]
[Site "Frankfurt"]
[Date "2016.05.09"]
[Round "3"]
[White "Boesch, Dirk"]
[Black "Kellerwessel, Ralf"]
[Result "0-1"]
[WhiteElo "2098"]
[BlackElo "1923"]
[PlyCount "154"]
[EventDate "2016.04.25"]
[EventType "swiss"]
[EventRounds "9"]
[EventCountry "GER"]
[SourceTitle "EXT 2018"]
[Source "ChessBase"]
[SourceDate "2017.10.13"]
[SourceVersion "1"]
[SourceVersionDate "2017.10.13"]
[SourceQuality "1"]

1. c4 e5 2. g3 Nf6 3. Bg2 c6 4. d4 exd4 5. Qxd4 Na6 6. Nf3 Bc5 7. Qe5+ Be7 8. 0-0 0-0 9. a3 Re8 10. Qf4 d5 11. Nc3 Bd6 12. Qd2 Nc5 13. Qc2 dxc4 14. Be3 Qe7 15. Rad1 Bg4 16. Rd4 Ne6 17. Rxc4 Bh5 18. Nh4 Bc5 19. Nd1 Bb6 20. Bxb6 axb6 21. Ne3 Rad8 22. Nhf5 Qc7 23. b4 b5 24. Rh4 Bg6 25. Qb2 Qd7 26. Qb3 Bxf5 27. Nxf5 Qd2 28. Bf3 h5 29. e3 Rd3 30. Qb1 Rxa3 31. Nd4 Qd3 32. Qb2 Rea8 33. Nxe6 fxe6 34. Bxh5 Qf5 35. Qe2 Ra2 36. Qf3 g5 37. Rd4 Qxf3 38. Bxf3 Kf7 39. Kg2 Rg8 40. h3 Ke7 41. Rfd1 Rb2 42. Ra1 e5 43. Rdd1 e4 44. Bg4 Nxg4 45. hxg4 Rf8 46. Rf1 Kd7 47. Rad1+ Kc7 48. Rd4 Re8 49. Rfd1 Re7 50. Kg1 Rf7 51. Rf1 Re7 52. Rfd1 Rc2 53. R1d2 Rxd2 54. Rxd2 Rd7 55. Rc2 b6 56. Kg2 Rd3 57. f3 Rxe3 58. f4 Kd6 59. f5 c5 60. bxc5+ bxc5 61. Ra2 c4 62. Ra6+ Kc5 63. Kf2 Rf3+ 64. Ke2 Rxg3 65. Rg6 Rxg4 66. Ke3 c3 67. f6 Kc4 68. Rg7 Kb3 69. f7 Rf4 70. Rxg5 Rxf7 71. Rxb5+ Kc4 72. Re5 Rd7 73. Rxe4+ Kb3 74. Re8 c2 75. Rb8+ Kc3 76. Rc8+ Kb2 77. Rb8+ Kc1 0-1

[Event "Frankfurt-chA"]
[Site "Frankfurt"]
[Date "2016.04.25"]
[Round "1"]
[White "Boesch, Dirk"]
[Black "Leichum, Engelbert"]
[Result "1-0"]
[WhiteElo "2098"]
[BlackElo "1708"]
[PlyCount "27"]
[EventDate "2016.04.25"]
[EventType "swiss"]
[EventRounds "9"]
[EventCountry "GER"]
[SourceTitle "EXT 2018"]
[Source "ChessBase"]
[SourceDate "2017.10.13"]
[SourceVersion "1"]
[SourceVersionDate "2017.10.13"]
[SourceQuality "1"]

1. e4 e5 2. Nf3 Nc6 3. Bc4 Bc5 4. c3 d6 5. d3 Bg4 6. Nbd2 Nce7 7. Bxf7+ Kd7 8. Nxe5+ dxe5 9. Qxg4+ Kc6 10. Nc4 Ng6 11. Bd5+ Kb5 12. b4 Nf6 13. a4+ Ka6 14. b5# 1-0

[Event "Verbandsliga Suedbaden 1516"]
[Site "Baden"]
[Date "2015.12.13"]
[Round "4.3"]
[White "Boesch, Dirk"]
[Black "Dobschat, Benjamin"]
[Result "1-0"]
[WhiteElo "2073"]
[BlackElo "2092"]
[PlyCount "69"]
[EventDate "2015.09.27"]
[EventType "team-tourn"]
[EventRounds "9"]
[EventCountry "GER"]
[SourceTitle "EXT 2022"]
[Source "ChessBase"]
[SourceDate "2021.10.06"]
[SourceVersion "1"]
[SourceVersionDate "2021.10.06"]
[SourceQuality "1"]
[WhiteTeam "Ebringen"]
[BlackTeam "Offenburg"]
[WhiteTeamCountry "GER"]
[BlackTeamCountry "GER"]

1. c4 e5 2. g3 Nf6 3. Bg2 c6 4. d4 exd4 5. Qxd4 d5 6. Nf3 dxc4 7. Qxc4 Be6 8. Qc2 Bb4+ 9. Nbd2 Qe7 10. a3 Bxd2+ 11. Bxd2 Bd5 12. Bc3 Nbd7 13. Rc1 Rc8 14. 0-0 0-0 15. Rfd1 h6 16. Bh3 Be6 17. Bxe6 Qxe6 18. Kg2 Rfe8 19. Nd4 Qd5+ 20. Kg1 Ne4 21. Be1 Ndf6 22. f3 Nd6 23. Bf2 Rcd8 24. b4 Qe5 25. e4 a6 26. a4 Qh5 27. Kg2 a5 28. bxa5 Qxa5 29. Nb3 Qc7 30. a5 Nc8 31. Bd4 Nd7 32. Qb2 f6 33. Nd2 Nd6 34. Nf1 Nb5 35. Qxb5 1-0

[Event "Dresden ZMD op 22nd"]
[Site "Dresden"]
[Date "2013.08.15"]
[Round "6"]
[White "Kieslich, Aaron"]
[Black "Boesch, Dirk"]
[Result "1-0"]
[WhiteElo "2011"]
[BlackElo "2077"]
[PlyCount "109"]
[EventDate "2013.08.10"]
[EventType "swiss"]
[EventRounds "9"]
[EventCountry "GER"]
[SourceTitle "CBM 155 Extra"]
[Source "ChessBase"]
[SourceDate "2013.08.26"]
[SourceVersion "1"]
[SourceVersionDate "2013.08.26"]
[SourceQuality "1"]

1. d4 Nf6 2. c4 g6 3. Nc3 d5 4. Nf3 Bg7 5. Bf4 0-0 6. Rc1 c5 7. dxc5 Qa5 8. Qa4 Qxa4 9. Nxa4 Bd7 10. Nc3 dxc4 11. e3 Be6 12. Nd4 Bd5 13. Nxd5 Nxd5 14. Bxb8 Raxb8 15. Bxc4 Rfd8 16. 0-0 Rbc8 17. Bxd5 Rxd5 18. c6 Rc7 19. cxb7 Rxb7 20. Rc8+ Bf8 21. b3 Kg7 22. g3 e5 23. Nf3 Ra5 24. Rc2 Bb4 25. Rd1 h6 26. e4 Rbb5 27. Rd7 Rc5 28. Rxc5 Bxc5 29. Nxe5 Bxf2+ 30. Kxf2 Rxe5 31. Rxa7 Rxe4 32. Rb7 Re6 33. a4 Rc6 34. a5 Rc2+ 35. Kg1 Ra2 36. b4 Kf6 37. Rb6+ Ke5 38. a6 g5 39. b5 Ke4 40. Rf6 g4 41. Rf1 Kd3 42. Rb1 Kc2 43. b6 Kxb1 44. b7 Rb2 45. a7 Rxb7 46. a8Q Rb4 47. Qf8 Rd4 48. Qxh6 Kc2 49. Qh7+ Kd2 50. Qxf7 Ke3 51. Qe6+ Re4 52. Qh6+ Kf3 53. Qf6+ Ke3 54. Qc3+ Ke2 55. Kg2 1-0

[Event "Gibraltar Masters 10th"]
[Site "Caleta"]
[Date "2012.02.02"]
[Round "10"]
[White "Boesch, Dirk"]
[Black "Kleinert, Juergen"]
[Result "1-0"]
[WhiteElo "2131"]
[BlackElo "2004"]
[PlyCount "63"]
[EventDate "2012.01.24"]
[EventType "swiss"]
[EventRounds "10"]
[EventCountry "GGB"]
[SourceTitle "CBM 147"]
[Source "ChessBase"]
[SourceDate "2012.03.16"]
[SourceVersion "1"]
[SourceVersionDate "2012.03.16"]
[SourceQuality "1"]

1. Nf3 d5 2. c4 d4 3. g3 c5 4. b4 cxb4 5. a3 bxa3 6. Bxa3 Nc6 7. d3 g6 8. Bg2 Bg7 9. Nbd2 Nf6 10. 0-0 0-0 11. Qa4 Bg4 12. Rfb1 Qd7 13. Nb3 b6 14. h3 Bxf3 15. exf3 Rac8 16. f4 Rfe8 17. Bb2 Nh5 18. Kh2 Red8 19. c5 e5 20. Rc1 Na5 21. Qxd7 Rxd7 22. Nxa5 bxa5 23. c6 Rdd8 24. fxe5 Bxe5 25. Rxa5 Bb8 26. Ba3 Re8 27. Bc5 Nf4 28. Bxd4 Nxg2 29. Kxg2 Red8 30. Bf6 Rxd3 31. c7 Bxc7 32. Rxa7 1-0

[Event "Gibraltar Masters 10th"]
[Site "Caleta"]
[Date "2012.01.31"]
[Round "8"]
[White "Boesch, Dirk"]
[Black "Fransson, Angelina"]
[Result "0-1"]
[WhiteElo "2131"]
[BlackElo "1967"]
[PlyCount "86"]
[EventDate "2012.01.24"]
[EventType "swiss"]
[EventRounds "10"]
[EventCountry "GGB"]
[SourceTitle "CBM 147"]
[Source "ChessBase"]
[SourceDate "2012.03.16"]
[SourceVersion "1"]
[SourceVersionDate "2012.03.16"]
[SourceQuality "1"]

1. d4 Nf6 2. c4 g6 3. g3 Bg7 4. Bg2 0-0 5. Nf3 d6 6. Nc3 Nc6 7. 0-0 a6 8. Qd3 e5 9. dxe5 dxe5 10. Qxd8 Rxd8 11. Bg5 Re8 12. Rfd1 h6 13. Bxf6 Bxf6 14. Nd5 Bd8 15. Nd2 Nd4 16. Ne4 Kg7 17. e3 Ne6 18. Rac1 f5 19. Nd2 c6 20. Nb4 e4 21. Nc2 Nc5 22. Bf1 Na4 23. Nb3 Bf6 24. Ncd4 c5 25. Ne2 Nxb2 26. Nxc5 Nxd1 27. Rxd1 g5 28. Rb1 Re7 29. Nd4 f4 30. Na4 Bxd4 31. exd4 Bf5 32. Nb6 Rae8 33. Nd5 e3 34. Rb2 e2 35. Bxe2 Rxe2 36. Rxb7+ Kg6 37. Rb6+ R2e6 38. Rb3 Re1+ 39. Kg2 f3+ 40. Kxf3 Be4+ 41. Kg4 Bg2 42. Rb6+ R1e6 43. f4 h5# 0-1

[Event "Gibraltar Masters 10th"]
[Site "Caleta"]
[Date "2012.01.30"]
[Round "7"]
[White "Reppen, Ellisiv"]
[Black "Boesch, Dirk"]
[Result "1-0"]
[WhiteElo "1948"]
[BlackElo "2131"]
[PlyCount "199"]
[EventDate "2012.01.24"]
[EventType "swiss"]
[EventRounds "10"]
[EventCountry "GGB"]
[SourceTitle "CBM 147"]
[Source "ChessBase"]
[SourceDate "2012.03.16"]
[SourceVersion "1"]
[SourceVersionDate "2012.03.16"]
[SourceQuality "1"]

1. e4 c5 2. Nf3 a6 3. d4 cxd4 4. Nxd4 Nf6 5. Nc3 e5 6. Nf3 Bb4 7. Bd3 d5 8. Nd2 Bg4 9. f3 Bxc3 10. bxc3 Be6 11. Rb1 Qc7 12. 0-0 0-0 13. Qe1 Nbd7 14. exd5 Nxd5 15. Ne4 N7f6 16. Ba3 Nxe4 17. Qxe4 Nf6 18. Qxb7 Qxb7 19. Rxb7 Rfc8 20. Bd6 Rxc3 21. Bxe5 Ra3 22. Ra1 a5 23. Rb2 Nd5 24. Bd6 Rc3 25. Rab1 Rd8 26. Rb8 Rcc8 27. Rxc8 Rxc8 28. a3 Ne3 29. Ba6 Re8 30. Bb5 Rc8 31. Ba6 Re8 32. c3 Nc4 33. Bc5 h5 34. Re1 Nd2 35. Bd4 Rb8 36. Be5 Rb3 37. Rd1 Nc4 38. Bxc4 Bxc4 39. Ra1 h4 40. Bd4 Rb2 41. h3 f6 42. Bf2 g5 43. Bc5 Kf7 44. Rc1 Kg6 45. Bd6 Rb3 46. Kf2 Rb2+ 47. Kg1 f5 48. Bc7 a4 49. Bd6 g4 50. hxg4 fxg4 51. fxg4 Bd5 52. c4 Rxg2+ 53. Kf1 Bc6 54. Rc3 Kg5 55. c5 Rxg4 56. Be7+ Kf5 57. Bd6 Ke6 58. Re3+ Kd5 59. Ke2 Kc4 60. Rh3 Bg2 61. Re3 Kb5 62. Re8 Bb7 63. Rb8 Kc6 64. Rh8 Kd5 65. Rh5+ Kd4 66. Rh7 Bc6 67. Rc7 Bb5+ 68. Kf3 Rg5 69. Rh7 Bc6+ 70. Kf2 Rg2+ 71. Kf1 Rg4 72. Rc7 Kd5 73. Rh7 Kc4 74. Rc7 Bg2+ 75. Kf2 h3 76. Rf7 Be4 77. Ke3 Kb3 78. Re7 Bd5 79. Rh7 Rc4 80. Kd2 Rc2+ 81. Kd3 Bc6 82. Rh8 Bb5+ 83. Kd4 Rc4+ 84. Kd5 Kxa3 85. Rb8 Ba6 86. Rb6 Rh4 87. Rxa6 h2 88. c6+ Kb3 89. Bxh2 Rxh2 90. c7 Rh8 91. Rb6+ Ka2 92. Rb8 Rh5+ 93. Kd4 Rh4+ 94. Kd3 Rh3+ 95. Kc4 Rh4+ 96. Kb5 Rh5+ 97. Kxa4 Rh4+ 98. Kb5 Rh5+ 99. Ka6 Rh6+ 100. Rb6 1-0

[Event "Gibraltar Masters 10th"]
[Site "Caleta"]
[Date "2012.01.27"]
[Round "4"]
[White "Boesch, Dirk"]
[Black "Phadke, Sohan"]
[Result "0-1"]
[WhiteElo "2131"]
[BlackElo "2290"]
[PlyCount "46"]
[EventDate "2012.01.24"]
[EventType "swiss"]
[EventRounds "10"]
[EventCountry "GGB"]
[SourceTitle "CBM 147"]
[Source "ChessBase"]
[SourceDate "2012.03.16"]
[SourceVersion "1"]
[SourceVersionDate "2012.03.16"]
[SourceQuality "1"]

1. d4 d5 2. c4 e6 3. Nf3 c5 4. cxd5 exd5 5. g3 Nf6 6. Bg2 Nc6 7. Nc3 Be7 8. 0-0 0-0 9. Bg5 c4 10. Ne5 Be6 11. Nxc6 bxc6 12. b3 Qa5 13. Qd2 Rad8 14. Rfc1 h6 15. Bf4 Ba3 16. Rc2 Bf5 17. Ne4 Qxd2 18. Nxf6+ gxf6 19. Rxd2 c3 20. Rd3 Bxd3 21. exd3 Rfe8 22. Kf1 Re7 23. Bc1 Bb2 0-1

[Event "Gibraltar Masters 10th"]
[Site "Caleta"]
[Date "2012.01.24"]
[Round "1"]
[White "Lundback, Karl"]
[Black "Boesch, Dirk"]
[Result "0-1"]
[WhiteElo "1907"]
[BlackElo "2131"]
[PlyCount "60"]
[EventDate "2012.01.24"]
[EventType "swiss"]
[EventRounds "10"]
[EventCountry "GGB"]
[SourceTitle "CBM 147"]
[Source "ChessBase"]
[SourceDate "2012.03.16"]
[SourceVersion "1"]
[SourceVersionDate "2012.03.16"]
[SourceQuality "1"]

1. e4 c5 2. Nf3 Nc6 3. d3 g6 4. g3 Bg7 5. Bg2 d6 6. 0-0 Nf6 7. Nbd2 e5 8. Re1 0-0 9. c3 Ne8 10. Nf1 Nc7 11. h4 h6 12. Be3 Ne6 13. N1h2 f5 14. exf5 gxf5 15. Bc1 Bd7 16. Nd2 Rb8 17. a4 Ne7 18. Nc4 Bc6 19. Bxc6 bxc6 20. Qh5 Rf6 21. g4 Ng6 22. gxf5 Nef4 23. Bxf4 Nxf4 24. Qg4 h5 25. Qf3 Rxf5 26. Qg3 Rf6 27. Nf3 Rg6 28. Ng5 Bh6 29. Qf3 Bxg5 30. hxg5 Qxg5+ 0-1

[Event "Rhein Main op-A 14th"]
[Site "Bad Homburg"]
[Date "2011.06.26"]
[Round "7"]
[White "Boesch, Dirk"]
[Black "Chandler, Patrick"]
[Result "1/2-1/2"]
[WhiteElo "2101"]
[BlackElo "2206"]
[PlyCount "45"]
[EventDate "2011.06.22"]
[EventType "swiss"]
[EventRounds "7"]
[EventCountry "GER"]
[SourceTitle "EXT 2012"]
[Source "ChessBase"]
[SourceDate "2011.11.24"]
[SourceVersion "1"]
[SourceVersionDate "2011.11.24"]
[SourceQuality "1"]

1. d4 Nf6 2. c4 e6 3. g3 d5 4. Bg2 c6 5. Nf3 Nbd7 6. 0-0 Be7 7. Qc2 Ne4 8. b3 f5 9. Ba3 Nd6 10. Nbd2 0-0 11. Ne1 Nf7 12. Bxe7 Qxe7 13. Nd3 dxc4 14. Nxc4 e5 15. dxe5 Ndxe5 16. Ndxe5 Nxe5 17. Nxe5 Qxe5 18. e3 Be6 19. Rad1 Rac8 20. Rd2 Rc7 21. Rfd1 Kf7 22. b4 Rfc8 23. Qc5 1/2-1/2

[Event "Frankfurt-ch"]
[Site "Frankfurt"]
[Date "2011.05.02"]
[Round "1"]
[White "Boesch, Dirk"]
[Black "Bittner, Peter"]
[Result "1-0"]
[WhiteElo "2109"]
[BlackElo "1956"]
[PlyCount "75"]
[EventDate "2011.05.02"]
[EventType "swiss"]
[EventRounds "7"]
[EventCountry "GER"]
[SourceTitle "EXT 2012"]
[Source "ChessBase"]
[SourceDate "2011.11.24"]
[SourceVersion "1"]
[SourceVersionDate "2011.11.24"]
[SourceQuality "1"]

1. d4 c6 2. c4 d5 3. Nf3 Nf6 4. Nc3 e6 5. Bg5 Be7 6. cxd5 exd5 7. Qc2 Bg4 8. e3 Nbd7 9. Bd3 Rc8 10. 0-0 h6 11. Bh4 Bxf3 12. gxf3 Nh5 13. Bxe7 Qxe7 14. Kh1 0-0 15. Rg1 Kh8 16. Rg2 Nhf6 17. Rag1 Rg8 18. Qd2 Nf8 19. e4 dxe4 20. fxe4 Ne6 21. e5 Nh7 22. Ne4 Nhg5 23. Nd6 Rcd8 24. Qe3 Rxd6 25. exd6 Qxd6 26. h4 Nh7 27. Qxh6 g6 28. h5 Nf4 29. hxg6 fxg6 30. Bxg6 Nxg6 31. Rxg6 Rxg6 32. Qxg6 Qf8 33. Rg3 a6 34. Re3 Qg7 35. Qxg7+ Kxg7 36. Re7+ Kg6 37. Rxb7 Ng5 38. Rb6 1-0

[Event "Rhein Main op 13th"]
[Site "Bad Homburg"]
[Date "2010.06.06"]
[Round "7"]
[White "Boesch, Dirk"]
[Black "Goloborodko, Dimitri"]
[Result "1/2-1/2"]
[WhiteElo "2109"]
[BlackElo "2157"]
[PlyCount "58"]
[EventDate "2010.06.02"]
[EventType "swiss"]
[EventRounds "7"]
[EventCountry "GER"]
[SourceTitle "EXT 2011"]
[Source "ChessBase"]
[SourceDate "2010.11.26"]
[SourceVersion "1"]
[SourceVersionDate "2010.11.26"]
[SourceQuality "1"]

1. d4 Nf6 2. Nf3 d5 3. c4 c6 4. e3 Bf5 5. Nc3 e6 6. cxd5 exd5 7. Bd3 Bxd3 8. Qxd3 Bd6 9. 0-0 Qe7 10. Bd2 0-0 11. Rac1 Nbd7 12. Ne2 Ne4 13. Ng3 f5 14. b4 Nb6 15. b5 Nc4 16. bxc6 bxc6 17. Rxc4 dxc4 18. Qxc4+ Qf7 19. Qxc6 Bxg3 20. hxg3 Nxd2 21. Nxd2 Qxa2 22. Nf3 Rac8 23. Qb5 a6 24. Qb7 Rb8 25. Qa7 h6 26. Ne5 Rb1 27. Rxb1 Qxb1+ 28. Kh2 Qb5 29. Nd7 Rc8 1/2-1/2